[Event "C.to Regionale Sardegna"]
[Site "Cagliari ITA"]
[Date "2015.06.02"]
[Round "6"]
[White "Bonali, Leonardo"]
[Black "Olivieri, Guglielmo"]
[WhiteElo "1651"]
[BlackElo "1566"]
[Result "1-0"]
[PlyCount "75"]
[EventDate "2015.05.30"]

1. d4 d5 2. c4 c6 3. Nc3 g6 4. Bf4 Bg7 5. Nf3 Nf6 6. e3 a6 7. Qb3 O-O 8. c5 h6
9. Bd3 Nbd7 10. Na4 Nh5 11. Bg3 Re8 12. Nb6 Nxb6 13. Qxb6 Qxb6 14. cxb6 Nxg3
15. hxg3 Bg4 16. Ne5 Bxe5 17. dxe5 Kg7 18. b4 Rac8 19. Rc1 Ra8 20. a4 a5 21. b5
cxb5 22. Bxb5 Rec8 23. Kd2 Bf5 24. Rxc8 Rxc8 25. Rc1 Rxc1 26. Kxc1 Kf8 27. Kd2
Bc8 28. Kc3 e6 29. Kd4 Ke7 30. Kc5 h5 31. f4 Bd7 32. Bxd7 Kxd7 33. Kb5 Kc8 34.
Kxa5 Kd7 35. Kb5 Kc8 36. Kc5 Kd7 37. a5 Kd8 38. Kd6 1-0

[Event "C.to Regionale Sardegna"]
[Site "Cagliari ITA"]
[Date "2015.06.02"]
[Round "6"]
[White "Carta, Francesco"]
[Black "Sollai, Matteo"]
[WhiteElo "1664"]
[BlackElo "1750"]
[Result "0-1"]
[PlyCount "80"]
[EventDate "2015.05.30"]

1. e4 e5 2. Nf3 Nc6 3. Bc4 Nf6 4. Nc3 Nxe4 5. Nxe4 d5 6. Bxd5 Qxd5 7. Nc3 Qd6
8. h3 Bf5 9. d3 O-O-O 10. O-O f6 11. Be3 g5 12. Nd2 h5 13. Nde4 Qe6 14. Qe2 Nd4
15. Bxd4 exd4 16. Nb5 a6 17. Na3 h4 18. f3 Bg6 19. Rfe1 Re8 20. Qf2 Bb4 21. c3
dxc3 22. Nxc3 Qb6 23. Qxb6 cxb6 24. Nc2 Bxc3 25. bxc3 Bxd3 26. Ne3 Re6 27. Nd5
Rhe8 28. Rxe6 Rxe6 29. Nb4 Bc4 30. a3 Re2 31. Rc1 Kc7 32. Rc2 Kd6 33. Rxe2 Bxe2
34. Kf2 Bc4 35. Nc2 Kc5 36. Ne3 b5 37. Ke1 a5 38. Kd2 b4 39. cxb4+ axb4 40. a4
Bb3 0-1

[Event "C.to Regionale Sardegna"]
[Site "Cagliari ITA"]
[Date "2015.06.02"]
[Round "6"]
[White "Carucci, Bruno"]
[Black "Buttau, Giancarlo"]
[WhiteElo "1410"]
[BlackElo "1416"]
[Result "0-1"]
[PlyCount "124"]
[EventDate "2015.05.30"]

1. d4 Nf6 2. c4 g6 3. Nc3 Bg7 4. Nf3 d6 5. Bg5 O-O 6. Qc2 Re8 7. e3 c6 8. Be2
Qc7 9. O-O Nbd7 10. Rac1 Nb6 11. Rfd1 e6 12. h3 Bd7 13. b4 d5 14. c5 Nc4 15.
Bxc4 dxc4 16. Ne5 b5 17. cxb6 axb6 18. b5 cxb5 19. Nxd7 Qxd7 20. e4 Qb7 21. d5
exd5 22. Nxd5 Nxe4 23. Be7 Rxe7 24. Nxe7+ Qxe7 25. Re1 Re8 26. f3 Qc5+ 27. Kh2
Qe5+ 28. Kg1 Qc5+ 29. Kh2 Qc7+ 30. Kg1 Bd4+ 31. Kh1 Nf2+ 32. Kg1 Nd3+ 33. Kf1
Rxe1+ 34. Rxe1 Nxe1 35. Kxe1 Qg3+ 36. Kf1 Qh2 37. Qd2 Qg1+ 38. Ke2 Qf2+ 39. Kd1
Qxd2+ 40. Kxd2 b4 41. Ke2 Kg7 42. f4 f5 43. g4 Kf6 44. Kd2 Ke6 45. Ke2 Kd5 46.
Kf3 Kc5 47. h4 h5 48. gxh5 gxh5 49. Ke2 Kb5 50. Kd1 Ka4 51. Kc2 Ka3 52. Kb1 c3
53. Kc1 Kxa2 54. Kc2 b3+ 55. Kd3 Bc5 56. Kc4 c2 57. Kd3 c1=Q 58. Ke2 Qc3 59.
Kd1 Kb2 60. Ke2 Kc2 61. Kf1 Qf3+ 62. Ke1 Qf2# 0-1

[Event "C.to Regionale Sardegna"]
[Site "Cagliari ITA"]
[Date "2015.06.02"]
[Round "6"]
[White "Colacino, Gabriele"]
[Black "Caddeo, Pierluigi"]
[WhiteElo "1449"]
[BlackElo "1546"]
[Result "1/2-1/2"]
[PlyCount "150"]
[EventDate "2015.05.30"]

1. e4 e5 2. Nf3 Nc6 3. Bb5 a6 4. Bxc6 dxc6 5. d3 Bd6 6. h3 Nf6 7. Bg5 h6 8. Bh4
O-O 9. Nc3 Qe7 10. O-O b5 11. a3 Bb7 12. Re1 Rfd8 13. Qd2 Qe6 14. Bxf6 Qxf6 15.
Ne2 c5 16. Ng3 Bc8 17. b3 Bxh3 18. gxh3 Qxf3 19. Re3 Qf6 20. Nf5 Bf8 21. Rg3 c4
22. Nxh6+ Kh8 23. Ng4 Qf4 24. Qxf4 exf4 25. Rf3 cxd3 26. cxd3 g5 27. Ne5 Kg7
28. b4 Rd6 29. Rc1 Rc8 30. Nc6 Rd7 31. d4 f6 32. Rfc3 Kh8 33. d5 Bd6 34. Nd4
Be5 35. Rd3 Bxd4 36. Rxd4 Rd6 37. Rc6 Kg7 38. Rd3 Kg6 39. Rdc3 Re8 40. f3 f5
41. Rxd6+ cxd6 42. Rc6 fxe4 43. Rxd6+ Kf5 44. fxe4+ Rxe4 45. Rxa6 Rd4 46. d6
Ke6 47. Rb6 Rd5 48. Kg2 Rxd6 49. Rxb5 Rd2+ 50. Kf1 Rd3 51. Rxg5 Rxa3 52. h4 Kf6
53. Rc5 Rb3 54. b5 Kg6 55. h5+ Kh6 56. Kf2 Rb2+ 57. Kf3 Rb4 58. Kg4 Kg7 59. Rf5
Kh6 60. Rf6+ Kg7 61. Rb6 Kh7 62. Rb8 Kh6 63. b6 Kh7 64. b7 Kg7 65. h6+ Kh7 66.
Kf3 Rb6 67. Kxf4 Rb5 68. Ke4 Rb6 69. Kd5 Rb1 70. Ke6 Rb2 71. Kf6 Rf2+ 72. Ke7
Rb2 73. Kf6 Rf2+ 74. Kg5 Rg2+ 75. Kh5 Rb2 1/2-1/2

[Event "C.to Regionale Sardegna"]
[Site "Cagliari ITA"]
[Date "2015.06.02"]
[Round "6"]
[White "Dessy, Eugenio"]
[Black "Carrus, Mario"]
[WhiteElo "1637"]
[BlackElo "1694"]
[Result "1-0"]
[PlyCount "61"]
[EventDate "2015.05.30"]

1. d4 d5 2. Nf3 Nf6 3. c4 e6 4. g3 Be7 5. Bg2 O-O 6. O-O b6 7. Bf4 Bb7 8. Qc2
c5 9. dxc5 bxc5 10. cxd5 exd5 11. Rd1 Nbd7 12. Nc3 a6 13. Qb3 Qb6 14. Qxb6 Nxb6
15. Ne5 Rfd8 16. a4 Ne4 17. Nxe4 dxe4 18. a5 Nd5 19. Bxe4 Nxf4 20. Bxb7 Nxe2+
21. Kf1 Nd4 22. Bxa8 Rxa8 23. Nc4 Rb8 24. Nb6 Bd8 25. b4 Bxb6 26. axb6 Ne6 27.
Rxa6 cxb4 28. b7 Nf8 29. Rb6 g6 30. Rxb4 Kg7 31. Ra1 1-0

[Event "C.to Regionale Sardegna"]
[Site "Cagliari ITA"]
[Date "2015.06.02"]
[Round "6"]
[White "Erriu, Giampiero"]
[Black "Spanu, Giacomo"]
[WhiteElo "1633"]
[BlackElo "1529"]
[Result "1-0"]
[PlyCount "75"]
[EventDate "2015.05.30"]

1. c4 Nf6 2. Nc3 c5 3. g3 g6 4. Bg2 Bg7 5. Nf3 O-O 6. O-O d6 7. d3 Nc6 8. e4
Bg4 9. Ne2 Qc8 10. a3 Bh3 11. Nf4 Bxg2 12. Kxg2 a6 13. Rb1 Nd7 14. b3 Qd8 15.
b4 b5 16. cxb5 axb5 17. bxc5 Nd4 18. cxd6 exd6 19. Nxd4 Bxd4 20. Rxb5 Nc5 21.
Rb4 Bg7 22. Nd5 f5 23. exf5 Rxf5 24. Nf4 Qc8 25. d4 Nd7 26. Re1 g5 27. Ne6 Bf6
28. Kg1 h6 29. Qb3 Kh8 30. Qb1 Rf3 31. Qg6 Qg8 32. Qxh6+ Qh7 33. Qxh7+ Kxh7 34.
Bxg5 Kg6 35. Bxf6 Kxf6 36. Rb7 Raxa3 37. Rxd7 Ra2 38. Rf7+ 1-0

[Event "C.to Regionale Sardegna"]
[Site "Cagliari ITA"]
[Date "2015.06.02"]
[Round "6"]
[White "Liguori, Aniello"]
[Black "Agus, Lorenzo"]
[WhiteElo "1808"]
[BlackElo "1574"]
[Result "1-0"]
[PlyCount "71"]
[EventDate "2015.05.30"]

1. d4 Nf6 2. Nf3 g6 3. Bf4 Bg7 4. e3 O-O 5. Nc3 d5 6. Nb5 Na6 7. h3 c5 8. Be2
Qb6 9. O-O Bd7 10. a4 e6 11. a5 Qd8 12. Nd6 Bc6 13. Bxa6 bxa6 14. dxc5 Ne8 15.
Nd4 Bd7 16. Nf3 Bxb2 17. Rb1 Bg7 18. Nxe8 Rxe8 19. Bd6 Bf8 20. c4 dxc4 21. Ne5
Bb5 22. Qf3 f5 23. Rfd1 Qxa5 24. Qb7 Bxd6 25. Qf7+ Kh8 26. Rxd6 Rad8 27. Rbd1
c3 28. Qf6+ Kg8 29. Rxd8 c2 30. Qf7+ Kh8 31. Rxe8+ Bxe8 32. Qxe8+ Kg7 33. Rd7+
Kf6 34. Qh8+ Kg5 35. Nf3+ Kh5 36. Qxh7# 1-0

[Event "C.to Regionale Sardegna"]
[Site "Cagliari ITA"]
[Date "2015.06.02"]
[Round "6"]
[White "Lobina, Giulio"]
[Black "Di Pinto, Vincenzo"]
[WhiteElo "1767"]
[BlackElo "1647"]
[Result "0-1"]
[PlyCount "112"]
[EventDate "2015.05.30"]

1. b4 d5 2. b5 c5 3. e3 Nf6 4. a4 a5 5. Nf3 Bg4 6. Be2 Nbd7 7. Bb2 e6 8. d3 Be7
9. Nbd2 O-O 10. h3 Bf5 11. g4 Bg6 12. g5 Ne8 13. h4 Bh5 14. Nh2 Bxe2 15. Qxe2
f5 16. f4 Nb6 17. Nhf3 Qc7 18. Be5 Bd6 19. h5 Bxe5 20. Nxe5 Nd7 21. Ndf3 Nxe5
22. Nxe5 Nd6 23. Kf2 Nf7 24. Nxf7 Qxf7 25. Rag1 Qc7 26. Qf3 Rad8 27. Re1 e5 28.
Kg3 e4 29. Qe2 Rfe8 30. Rd1 d4 31. exd4 exd3 32. Qxd3 Rxd4 33. Qxf5 Re3+ 34.
Kg4 Re5 35. Rxd4 Rxf5 36. Re4 Rf8 37. Rhe1 Rd8 38. g6 hxg6 39. hxg6 Rf8 40. Re5
Qd6 41. f5 Qd4+ 42. R5e4 Qf2 43. Re5 Qxc2 44. R1e4 b6 45. Kg3 c4 46. Kg4 Qxa4
47. Rd4 Qa1 48. Rdd5 c3 49. Re7 c2 50. Rdd7 Qg1+ 51. Kh3 Qh1+ 52. Kg3 Qh6 53.
Rc7 c1=Q 54. Rxg7+ Qxg7 55. Rxc1 Qe5+ 56. Kg2 Qe4+ 0-1

[Event "C.to Regionale Sardegna"]
[Site "Cagliari ITA"]
[Date "2015.06.02"]
[Round "6"]
[White "Mameli, Gianluca"]
[Black "Deruda, Leonardo"]
[WhiteElo "1957"]
[BlackElo "1791"]
[Result "1-0"]
[PlyCount "67"]
[EventDate "2015.05.30"]

1. e4 Nf6 2. e5 Nd5 3. Nf3 d6 4. Bc4 Nb6 5. Bb3 Nc6 6. e6 Bxe6 7. Bxe6 fxe6 8.
Ng5 Qd7 9. Qf3 Ne5 10. Qxb7 h6 11. Nf3 Nc6 12. c3 a5 13. Nd4 Nxd4 14. cxd4 g6
15. Qe4 Rg8 16. Nc3 d5 17. Qd3 a4 18. O-O Nc4 19. Re1 Rb8 20. Rb1 Kf7 21. Qf3+
Kg7 22. d3 Nb6 23. Qh3 Kh7 24. Rxe6 Bg7 25. Bg5 Rbe8 26. Rbe1 Nc8 27. Qh4 Rgf8
28. g4 Rf7 29. Bxh6 Bxh6 30. g5 Kg8 31. Qxh6 Rh7 32. Qxg6+ Rg7 33. Qh5 Rf8 34.
Rh6 1-0

[Event "C.to Regionale Sardegna"]
[Site "Cagliari ITA"]
[Date "2015.06.02"]
[Round "6"]
[White "Marras, Giuseppe"]
[Black "Altea, Alessandro"]
[WhiteElo "1774"]
[BlackElo "2072"]
[Result "1-0"]
[PlyCount "93"]
[EventDate "2015.05.30"]

1. e4 c5 2. Nf3 e6 3. d4 cxd4 4. Nxd4 a6 5. c4 Nf6 6. Nc3 Qc7 7. a3 Be7 8. Be2
O-O 9. O-O d6 10. Be3 Nc6 11. Rc1 Bd7 12. Nxc6 bxc6 13. f4 c5 14. Bf3 Rab8 15.
Qd2 Rfd8 16. g4 Bc6 17. Qg2 Qb7 18. Rf2 Nd7 19. g5 Nb6 20. b3 Nd7 21. Rb1 Qc7
22. Rfb2 Ba8 23. h4 Nf8 24. h5 Nd7 25. g6 Bf6 26. gxf7+ Kxf7 27. Rc2 Nb6 28.
Rd1 g6 29. Qh3 Rg8 30. Kf2 Nd7 31. Bg4 Nf8 32. f5 gxf5 33. exf5 exf5 34. Bf3
Bxf3 35. Qxf3 Bxc3 36. Qd5+ Ne6 37. Rxc3 Ke7 38. Re1 Kd7 39. Bh6 Rbe8 40. Rce3
Nd8 41. Rxe8 Rxe8 42. Rxe8 Kxe8 43. Qg8+ Kd7 44. Qxh7+ Kc6 45. Qxc7+ Kxc7 46.
Bg7 Nf7 47. Kf3 1-0

[Event "C.to Regionale Sardegna"]
[Site "Cagliari ITA"]
[Date "2015.06.02"]
[Round "6"]
[White "Nessi, Davide"]
[Black "Murgia, Elio"]
[WhiteElo "1720"]
[BlackElo "1698"]
[Result "1/2-1/2"]
[PlyCount "97"]
[EventDate "2015.05.30"]

1. e4 g6 2. Nf3 d6 3. Bc4 Bg7 4. d4 Nf6 5. Nc3 O-O 6. O-O Bg4 7. h3 Bxf3 8.
Qxf3 Nc6 9. Be3 e5 10. Rad1 Nxd4 11. Bxd4 exd4 12. Rxd4 Nd7 13. Rdd1 c6 14.
Rxd6 Ne5 15. Qd1 Qc7 16. Be2 Rad8 17. Rxd8 Rxd8 18. Qc1 h5 19. Rd1 Kh7 20. Rxd8
Qxd8 21. Qd1 Qb6 22. Na4 Qb4 23. c3 Qe7 24. b4 b6 25. Qc2 Nd7 26. a3 b5 27. Nb2
a5 28. Nd1 a4 29. c4 Qe5 30. cxb5 cxb5 31. Qd3 Nf6 32. Qxb5 Qxe4 33. Nc3 Qc2
34. Nxa4 Qc1+ 35. Bf1 Qxa3 36. Nc5 Nd5 37. Qd3 Qa2 38. Qc4 Nc3 39. Qxa2 Nxa2
40. b5 Nb4 41. Bc4 f5 42. Kf1 Bd4 43. Nd3 Nxd3 44. Bxd3 Kg7 45. Ke2 Kf6 46. f4
g5 47. fxg5+ Kxg5 48. Kf3 h4 49. Bc4 1/2-1/2

[Event "C.to Regionale Sardegna"]
[Site "Cagliari ITA"]
[Date "2015.06.02"]
[Round "6"]
[White "Pitzanti, Matteo"]
[Black "Depau, Alessandro"]
[WhiteElo "2066"]
[BlackElo "1811"]
[Result "1-0"]
[PlyCount "85"]
[EventDate "2015.05.30"]

1. e4 e5 2. Nf3 Nc6 3. Bc4 Nf6 4. d3 d6 5. c3 Bg4 6. Nbd2 Qd7 7. Nf1 Be7 8. Ne3
Be6 9. Bb5 a6 10. Ba4 b5 11. Bc2 d5 12. Qe2 dxe4 13. dxe4 h6 14. O-O Bd6 15.
Rd1 Qe7 16. Nd5 Bxd5 17. exd5 Nb8 18. a4 e4 19. Nd4 Qe5 20. f4 exf3 21. Qxe5+
Bxe5 22. Nxf3 Bd6 23. Re1+ Kf8 24. axb5 a5 25. c4 Nbd7 26. Be3 g6 27. Bd4 Kg7
28. Nd2 Bc5 29. Bxc5 Nxc5 30. Nb3 Nb7 31. Re7 Rhc8 32. Nd4 Kf8 33. Re2 Nd6 34.
c5 Nb7 35. Rf1 Kg7 36. Ref2 Nxd5 37. Rxf7+ Kg8 38. Be4 Rd8 39. Ne6 Ne3 40. Bxb7
Nxf1 41. Bxa8 Rxa8 42. Rxf1 Rb8 43. Nxc7 1-0

[Event "C.to Regionale Sardegna"]
[Site "Cagliari ITA"]
[Date "2015.06.02"]
[Round "6"]
[White "Rocchiccioli, Francesco"]
[Black "Caredda, Giuseppe"]
[WhiteElo "1380"]
[BlackElo "1486"]
[Result "1/2-1/2"]
[PlyCount "170"]
[EventDate "2015.05.30"]

1. e4 e5 2. Nf3 Nc6 3. Bc4 Nf6 4. Nc3 Bc5 5. d3 d6 6. h3 O-O 7. Bg5 h6 8. Be3
Bxe3 9. fxe3 Qe7 10. Qe2 Na5 11. Bd5 c6 12. Bb3 Nxb3 13. cxb3 b5 14. a3 a5 15.
O-O Be6 16. b4 axb4 17. axb4 Qb7 18. d4 Bc4 19. Qd1 Bxf1 20. Qxf1 Rxa1 21. Qxa1
Ra8 22. Qb1 Nd7 23. Qd1 f6 24. d5 c5 25. Qb3 c4 26. Qd1 Qb6 27. Qe1 Qa6 28. Kh2
Nb6 29. Qg3 Qc8 30. Nxb5 Qd7 31. Nc3 Na4 32. Nh4 Kh8 33. Nf5 Nxc3 34. bxc3 Kh7
35. h4 Rg8 36. h5 g6 37. hxg6+ Rxg6 38. Qh4 Qd8 39. b5 Qd7 40. b6 Qb7 41. Nxd6
Qxb6 42. Nxc4 Qb3 43. Nd6 Qc2 44. Qh3 Qf2 45. Nf5 Qe2 46. d6 Qg4 47. Qxg4 Rxg4
48. d7 Rg8 49. Nd6 Rd8 50. Ne8 Kg6 51. c4 Rxd7 52. c5 Rd8 53. Nd6 Rd7 54. Nb5
Rb7 55. Nd6 Rc7 56. Nf5 Rxc5 57. Nh4+ Kh5 58. Kh3 Kg5 59. Nf3+ Kg6 60. Kg4 Rc4
61. Nh4+ Kf7 62. Kf3 Rc1 63. Kg4 Rc8 64. Nf5 Rg8+ 65. Kf3 Rg6 66. Nd6+ Ke6 67.
Nf5 h5 68. Nh4 Rg5 69. g3 Kf7 70. Kg2 Ke8 71. Kf3 Kd7 72. Nf5 Kc6 73. Nh6 Kc5
74. g4 hxg4+ 75. Nxg4 f5 76. exf5 Rxf5+ 77. Ke4 Rh5 78. Nxe5 Rh4+ 79. Kf5 Rh5+
80. Kf6 Kd5 81. Ng4 Ke4 82. Kg6 Ra5 83. Kf6 Ra3 84. Kg5 Rxe3 85. Nxe3 Kxe3
1/2-1/2

[Event "C.to Regionale Sardegna"]
[Site "Cagliari ITA"]
[Date "2015.06.02"]
[Round "6"]
[White "Serra, Emanuele"]
[Black "Putzolu, Marcello"]
[WhiteElo "1815"]
[BlackElo "1751"]
[Result "0-1"]
[PlyCount "146"]
[EventDate "2015.05.30"]

1. c4 e5 2. Nc3 Nc6 3. g3 Bc5 4. Bg2 a6 5. d3 h6 6. e3 Nf6 7. Nge2 d6 8. h3 Bf5
9. O-O O-O 10. a3 Rb8 11. Kh2 Ne7 12. d4 Ba7 13. e4 Be6 14. d5 Bd7 15. Be3 Bxe3
16. fxe3 Nh7 17. g4 Ng6 18. Ng3 Nh4 19. Qe2 Qg5 20. Rf5 Bxf5 21. exf5 Nxg2 22.
Kxg2 Qd8 23. a4 c6 24. Rd1 Qh4 25. Nge4 Rfd8 26. Rd2 Ng5 27. Nxg5 Qxg5 28. Ne4
Qe7 29. Qf3 f6 30. Qd1 c5 31. Qb3 Qc7 32. Nc3 Qa5 33. Qc2 Qb4 34. Na2 Qa5 35.
Nc3 b5 36. axb5 axb5 37. cxb5 Rxb5 38. Nxb5 Qxb5 39. b3 Ra8 40. Qd3 Qb4 41. Rd1
Rb8 42. Ra1 Rb6 43. Ra8+ Kh7 44. Kf2 h5 45. gxh5 Qh4+ 46. Kg2 Qxh5 47. Ra4 Rb4
48. Rxb4 cxb4 49. Qe4 Qe2+ 50. Kg3 Qe1+ 51. Kg2 Qe2+ 52. Kg3 Qe1+ 53. Kh2 Qf2+
54. Kh1 Qg3 55. h4 Qe1+ 56. Kg2 Qe2+ 57. Kg3 Qe1+ 58. Kh3 Qc3 59. Qf3 Kg8 60.
Qh5 Qxe3+ 61. Kh2 Qh6 62. Qxh6 gxh6 63. Kg3 h5 64. Kf3 Kf7 65. Ke3 Ke7 66. Kd3
Kd7 67. Kc4 Kc7 68. Kxb4 Kb7 69. Kb5 Kc7 70. b4 e4 71. Kc4 Kb6 72. Kd4 Kb5 73.
Kxe4 Kxb4 0-1

[Event "C.to Regionale Sardegna"]
[Site "Cagliari ITA"]
[Date "2015.06.02"]
[Round "6"]
[White "Sonis, Francesco"]
[Black "Neri, Enzo"]
[WhiteElo "2226"]
[BlackElo "2036"]
[Result "1-0"]
[PlyCount "49"]
[EventDate "2015.05.30"]

1. Nf3 d5 2. c4 c6 3. b3 Bf5 4. Bb2 Nf6 5. g3 e6 6. Bg2 Bd6 7. d3 Nbd7 8. O-O
h6 9. Re1 Bh7 10. Nbd2 e5 11. e4 dxe4 12. Nxe4 Nxe4 13. dxe4 Qe7 14. Re2 Rd8
15. Nh4 Bc5 16. Nf5 Bxf5 17. exf5 Qf6 18. Qc2 O-O 19. Rd1 Bd4 20. Red2 Nb8 21.
Bxd4 exd4 22. Qe4 c5 23. Qxb7 Rd7 24. Qb5 a6 25. Qxc5 1-0

[Event "C.to Regionale Sardegna"]
[Site "Cagliari ITA"]
[Date "2015.06.02"]
[Round "6"]
[White "Sonis, Luca"]
[Black "Ardu, Luigi"]
[WhiteElo "1746"]
[BlackElo "1800"]
[Result "0-1"]
[PlyCount "80"]
[EventDate "2015.05.30"]

1. e4 d5 2. exd5 Nf6 3. Nc3 Nxd5 4. Nxd5 Qxd5 5. Nf3 Nc6 6. Be2 Bg4 7. O-O h5
8. d3 O-O-O 9. Be3 e5 10. c4 Qe6 11. Ng5 Qd7 12. Re1 f6 13. Nf3 g5 14. a3 Bd6
15. b4 Nd4 16. Bxd4 exd4 17. c5 Bf4 18. a4 Rdg8 19. b5 Bxf3 20. Bxf3 g4 21.
Bxb7+ Kb8 22. Bc6 Qc8 23. b6 cxb6 24. Bd5 Rg5 25. Bc4 Rxc5 26. Qb3 h4 27. a5
Bc7 28. axb6 Bxb6 29. Re7 Rc7 30. Re6 h3 31. Rb1 Rd8 32. Qa4 Qb7 33. f3 gxf3
34. Ba6 f2+ 35. Kxf2 Qxg2+ 36. Ke1 Qg1+ 37. Ke2 Qxb1 38. Re8 Rc2+ 39. Kf3 Qf1+
40. Kg4 Rg2+ 0-1

[Event "Trofeo Crespi d'Adda"]
[Site "Capriate San Gervasio ITA"]
[Date "2015.05.29"]
[Round "1"]
[White "Andolfatto, Maria"]
[Black "Brun, Dario"]
[WhiteElo "1778"]
[BlackElo "2304"]
[Result "0-1"]
[PlyCount "66"]
[EventDate "2015.05.29"]

1. Nf3 d5 2. b3 Nf6 3. Bb2 Bf5 4. e3 e6 5. c4 c6 6. Nc3 Nbd7 7. Be2 Bd6 8. O-O
O-O 9. d3 Qe7 10. Rc1 Rfd8 11. cxd5 exd5 12. Qd2 Ne5 13. Rfe1 Nfg4 14. h3 Nxf3+
15. Bxf3 Ne5 16. e4 Nxf3+ 17. gxf3 Bxh3 18. Ne2 Qh4 19. e5 Bb4 20. Bc3 Bxc3 21.
Rxc3 Re8 22. d4 Re6 23. f4 Rh6 24. Ng3 Bg4 25. Qe3 Re8 26. Rec1 Ree6 27. Kf1
Qh3+ 28. Ke1 Qg2 29. f5 Re8 30. R3c2 Rh2 31. Qf4 Bf3 32. a3 Qg1+ 33. Nf1 Qxf1+
0-1

[Event "Trofeo Crespi d'Adda"]
[Site "Capriate San Gervasio ITA"]
[Date "2015.05.29"]
[Round "1"]
[White "Cereda, Loris"]
[Black "Guerini, Sara"]
[WhiteElo "2213"]
[BlackElo "1730"]
[Result "1-0"]
[PlyCount "67"]
[EventDate "2015.05.29"]

1. e4 e5 2. Nf3 Nc6 3. Bc4 Bc5 4. c3 Nf6 5. d3 d6 6. Bb3 Be6 7. Bc2 h6 8. Nbd2
O-O 9. Nf1 d5 10. Qe2 dxe4 11. dxe4 Ng4 12. Ne3 Nxe3 13. Bxe3 Bxe3 14. Qxe3 Qf6
15. O-O Ne7 16. Qc5 Ng6 17. Qxc7 Rac8 18. Qxb7 Nf4 19. Bd1 Bh3 20. Ne1 Bxg2 21.
Nxg2 Nh3+ 22. Kh1 Nxf2+ 23. Rxf2 Qxf2 24. Bb3 Rcd8 25. Rg1 Rd2 26. Qe7 Qf3 27.
Qxa7 Rfd8 28. Bd5 Rxb2 29. Qe3 Qg4 30. a4 Rdb8 31. h3 Qh5 32. Qg3 Rb1 33. Ne1
R8b2 34. Qxg7# 1-0

[Event "Trofeo Crespi d'Adda"]
[Site "Capriate San Gervasio ITA"]
[Date "2015.05.29"]
[Round "1"]
[White "Vezzosi, Paolo"]
[Black "Gozzini, Giambattista"]
[WhiteElo "2344"]
[BlackElo "1780"]
[Result "1-0"]
[PlyCount "41"]
[EventDate "2015.05.29"]

1. d4 d5 2. Nf3 Nf6 3. c4 e6 4. Nc3 Be7 5. Bf4 O-O 6. e3 c6 7. Qc2 Nbd7 8. cxd5
exd5 9. Bd3 Re8 10. O-O-O Nf8 11. h3 b5 12. Ne5 Qb6 13. g4 Bb7 14. Kb1 g6 15.
h4 N6d7 16. Nxd7 Nxd7 17. h5 Nf8 18. hxg6 fxg6 19. Be5 Kf7 20. Rxh7+ Ke6 21.
Bf5+ 1-0

[Event "Trofeo Crespi d'Adda"]
[Site "Capriate San Gervasio ITA"]
[Date "2015.05.30"]
[Round "2"]
[White "Brun, Dario"]
[Black "Bernasconi, Roberto"]
[WhiteElo "2304"]
[BlackElo "1896"]
[Result "1-0"]
[PlyCount "39"]
[EventDate "2015.05.29"]

1. d4 d5 2. c4 dxc4 3. e4 e5 4. Nf3 Bb4+ 5. Nc3 exd4 6. Nxd4 Qe7 7. Bxc4 Nf6 8.
O-O O-O 9. Bg5 Bxc3 10. Bxf6 Qxf6 11. bxc3 a6 12. f4 b5 13. Bd5 Ra7 14. e5 Qb6
15. f5 Rd8 16. Be4 c5 17. f6 g6 18. Qc1 Kh8 19. Qh6 Rg8 20. Rf4 1-0

[Event "Trofeo Crespi d'Adda"]
[Site "Capriate San Gervasio ITA"]
[Date "2015.05.30"]
[Round "2"]
[White "Prete, Alessandro"]
[Black "Vezzosi, Paolo"]
[WhiteElo "1948"]
[BlackElo "2344"]
[Result "0-1"]
[PlyCount "110"]
[EventDate "2015.05.29"]

1. d4 Nf6 2. Nf3 b5 3. e3 a6 4. Bd3 Bb7 5. Nbd2 e6 6. O-O c5 7. c3 Nc6 8. Re1
Qb6 9. dxc5 Bxc5 10. b4 Be7 11. a4 O-O 12. e4 d6 13. Qe2 Rfb8 14. Nb3 bxa4 15.
Be3 Qc7 16. Rxa4 a5 17. b5 Ne5 18. Nxe5 dxe5 19. Qc2 Rd8 20. f3 Nd7 21. Bf1 Bb4
22. Rc1 Rac8 23. c4 Nb6 24. Bxb6 Qxb6+ 25. c5 Rd2 26. Qc4 Bxc5+ 27. Nxc5 Rd4
28. Qa2 Rxc5 29. Rxc5 Qxc5 30. Qf2 Qb6 31. f4 f6 32. fxe5 fxe5 33. Rxd4 Qxd4
34. Qxd4 exd4 35. Bc4 Kf7 36. e5 a4 37. Kf2 Ke7 38. b6 a3 39. Ke2 Bxg2 40. Kd3
Bf1+ 41. Kxd4 Bxc4 42. b7 a2 43. b8=Q a1=Q+ 44. Kxc4 Qa2+ 45. Kc3 Qd5 46. Qc7+
Kf8 47. h4 Qf3+ 48. Kd4 Qf4+ 49. Kc5 Qc1+ 50. Kd6 Qxc7+ 51. Kxc7 Ke7 52. h5 g5
53. hxg6 hxg6 54. Kc6 g5 55. Kc5 Kf7 0-1

[Event "Trofeo Crespi d'Adda"]
[Site "Capriate San Gervasio ITA"]
[Date "2015.05.30"]
[Round "2"]
[White "Puricelli, Riccardo"]
[Black "Cereda, Loris"]
[WhiteElo "1889"]
[BlackElo "2213"]
[Result "0-1"]
[PlyCount "82"]
[EventDate "2015.05.29"]

1. d4 d5 2. Nf3 Nf6 3. c4 e6 4. g3 Bb4+ 5. Bd2 Be7 6. Bg2 O-O 7. O-O c6 8. b3
b6 9. Bc3 Ba6 10. Nbd2 Nbd7 11. Re1 Rc8 12. e4 dxe4 13. Nxe4 Nxe4 14. Rxe4 Nf6
15. Re1 Qc7 16. a4 c5 17. Qe2 Bb7 18. dxc5 bxc5 19. Qc2 Rfd8 20. Ne5 Bxg2 21.
Kxg2 Rb8 22. Kg1 Nd7 23. Re3 Bg5 24. f4 Bf6 25. Rae1 Nxe5 26. Bxe5 Bxe5 27.
Rxe5 g6 28. Rd1 Rxd1+ 29. Qxd1 Rd8 30. Qc2 Qa5 31. Re2 Rd4 32. Kf2 Qb4 33. Ke3
a6 34. Kf2 Qb7 35. Ke3 Qh1 36. Rd2 Qe1+ 37. Re2 Qg1+ 38. Kf3 f5 39. Rxe6 Qf1+
40. Qf2 Rd3+ 41. Re3 Qh1+ 0-1

[Event "Trofeo Crespi d'Adda"]
[Site "Capriate San Gervasio ITA"]
[Date "2015.05.30"]
[Round "3"]
[White "Cereda, Loris"]
[Black "Bonassi, Tommaso"]
[WhiteElo "2213"]
[BlackElo "2042"]
[Result "1-0"]
[PlyCount "45"]
[EventDate "2015.05.29"]

1. e4 c5 2. Nf3 d6 3. Bb5+ Bd7 4. Bxd7+ Qxd7 5. O-O Nc6 6. Qe2 g6 7. c3 Bg7 8.
Rd1 Rc8 9. d4 cxd4 10. cxd4 Nxd4 11. Nxd4 Bxd4 12. Nc3 Bg7 13. Be3 b6 14. a4
Qb7 15. a5 Nf6 16. axb6 axb6 17. e5 dxe5 18. Qb5+ Kf8 19. Ra6 h6 20. Rxb6 Qa8
21. Bc5 Kg8 22. Bxe7 Ne4 23. Ra6 1-0

[Event "Trofeo Crespi d'Adda"]
[Site "Capriate San Gervasio ITA"]
[Date "2015.05.30"]
[Round "3"]
[White "Motola, Jacopo"]
[Black "Brun, Dario"]
[WhiteElo "2132"]
[BlackElo "2304"]
[Result "1-0"]
[PlyCount "75"]
[EventDate "2015.05.29"]

1. e4 e5 2. Nf3 Nc6 3. d4 exd4 4. Nxd4 Bc5 5. Be3 Qf6 6. c3 Nge7 7. Bc4 Ne5 8.
Be2 Qg6 9. O-O d6 10. Nd2 Bh3 11. Bf3 O-O 12. Nc2 Rad8 13. Kh1 Nxf3 14. Qxf3
Bc8 15. Bxc5 dxc5 16. Qe2 Nd5 17. f4 Rfe8 18. Ne3 Nf6 19. e5 Ne4 20. f5 Bxf5
21. Nxf5 Nxd2 22. Rf2 Rd5 23. Re1 f6 24. e6 h5 25. e7 c6 26. h3 Re5 27. Qxd2
Rxf5 28. Qd3 Rg5 29. Qd7 Rd5 30. Qxb7 Rd6 31. Qxa7 Rd5 32. Qb7 Rd6 33. a4 Qg3
34. Rfe2 f5 35. Qb3+ Kh8 36. Qf7 Qg6 37. Qxg6 Rxg6 38. Re6 1-0

[Event "Trofeo Crespi d'Adda"]
[Site "Capriate San Gervasio ITA"]
[Date "2015.05.30"]
[Round "3"]
[White "Vezzosi, Paolo"]
[Black "Olivetti, Davide"]
[WhiteElo "2344"]
[BlackElo "2082"]
[Result "1-0"]
[PlyCount "63"]
[EventDate "2015.05.29"]

1. d4 Nf6 2. Nf3 g6 3. c4 Bg7 4. Nc3 O-O 5. e4 d6 6. Be2 e5 7. d5 a5 8. Bg5 h6
9. Bh4 Na6 10. Nd2 Bd7 11. O-O Nc5 12. b3 Nfxe4 13. Bxd8 Nxc3 14. Bxc7 Nxd1 15.
Raxd1 Ra6 16. a3 Rc8 17. Bxa5 Rxa5 18. b4 Rxa3 19. bxc5 dxc5 20. f3 f5 21. Rb1
Ra7 22. Rb6 g5 23. Bd3 Rc7 24. Rfb1 Ra3 25. Nb3 Ra6 26. Rxa6 bxa6 27. Na5 Bc8
28. Rb8 e4 29. d6 exd3 30. dxc7 d2 31. Rb1 Be5 32. Nc6 1-0

[Event "Trofeo Crespi d'Adda"]
[Site "Capriate San Gervasio ITA"]
[Date "2015.05.31"]
[Round "4"]
[White "Brun, Dario"]
[Black "Crippa, Mario"]
[WhiteElo "2304"]
[BlackElo "1807"]
[Result "1-0"]
[PlyCount "45"]
[EventDate "2015.05.29"]

1. d4 Nf6 2. c4 c5 3. d5 e6 4. Nc3 exd5 5. cxd5 d6 6. e4 a6 7. f4 Qc7 8. Nf3
Bg4 9. Qa4+ Nfd7 10. Be2 Bxf3 11. Bxf3 g6 12. O-O Bg7 13. e5 dxe5 14. d6 Qd8
15. Nd5 O-O 16. f5 Nc6 17. fxg6 hxg6 18. Qg4 Rb8 19. Bg5 Nf6 20. Qh4 Qxd6 21.
Bxf6 Bxf6 22. Nxf6+ Kg7 23. Bxc6 1-0